Fast Type Numbers (Word version) - Statistics

General Stats
  • This quiz has been taken 1,063 times
    1,054 since last reset
  • The average score is 10 of 20
Answer Stats
Word Answer % Correct
One One
100%
Two Two
94%
Three Three
89%
Four Four
86%
Five Five
83%
Six Six
81%
Seven Seven
77%
Eight Eight
71%
Nine Nine
68%
Ten Ten
62%
Eleven Eleven
53%
Twelve Twelve
43%
Thirteen Thirteen
28%
Fourteen Fourteen
18%
Fifteen Fifteen
13%
Sixteen Sixteen
10%
Seventeen Seventeen
6%
Eighteen Eighteen
3%
Nineteen Nineteen
2%
Twenty Twenty
2%
No matching quizzes found
Score Distribution
Percent of People with Each Score
Percentile by Number Answered
Your Score History
You have not taken this quiz since the last reset